Chaîne de mots - Allemagne - Statistiques

Statistiques générales
  • Ce quiz a été pris 208 fois
  • Le résultat moyen est 13 sur 20
Statistiques - réponses
Indice Réponse % Correct
Nom du fondateur et figure central du nazisme Hitler
95%
Fleuve qui sépare la France de l'Allemagne Rhin
92%
Nom d'un physicien connu du comme l'auteur de l’équation E = mc2 Einstein
91%
Mot allemand qui veut dire "Je" en français Ich
91%
Le nom de l'un des plus grands pilotes de Formule 1 de tous les temps, sept fois champion du monde Schumacher
89%
Ville où ont eu lieu les célèbres procès d'Après-Guerre Nuremberg
87%
Style architectural qui a influencé de nombreux bâtiments en Allemagne, comme la cathédrale de Cologne Gothique
82%
Mode de transport qui depuis le 1er mai 2023 coûte 49€ par mois et est valable dans tout le pays Train
80%
Une des mers qui la borde Nord
78%
Nom d'un philosophe allemand du XIXe siècle, célèbre pour ses critiques de la religion, de la morale traditionnelle Nietzsche
70%
Le bâtiment historique à Berlin qui abrite le parlement allemand Reichstag
62%
Une plante alpine blanche symbolique souvent associée à l'Allemagne et à l'Autriche Edelweiss
58%
Nom du peuple ancêtre d'où proviennent les racines culturelles des Allemands Germains
52%
Son nom en allemand Deutschland
51%
Ville près de Munich tristement célèbre pour la présence d'un camp de concentration lors de la Seconde guerre Mondiale Dachau
50%
Service de police secrète de l'Allemagne de l'Est durant la Guerra froide Stasi
49%
Le nom de plusieurs clubs sportifs allemands, comme le club de football de Francfort, qui signifie "Entente" Eintracht
47%
Terme pour le métro en allemand U-Bahn
41%
État fédéré situé dans l'est du pays, frontalier de la Tchéquie notamment Saxe
35%
Circuit de Formule 1 célébre situé à Nürburg Nürburgring
25%
Aucun quiz correspondant
Distribution des résultats
% des personnes avec chaque résultat
Percentile par nombre de réponses
Votre historique - résultats
Vous n’avez pas pris ce quiz